|
|
|
|
| LEADER |
00000nam a22000007a 4500 |
| 005 |
20210420231843.0 |
| 007 |
cr|||| |||| |
| 008 |
210420s2020 br |||||s|||| 00||0 por d |
| 020 |
|
|
|a 978-85-9547-064-4
|
| 035 |
|
|
|a 33002
|
| 040 |
|
|
|a vLex
|
| 090 |
|
|
|c 11490
|d 11490
|
| 100 |
1 |
|
|a Salgado, Karine
|
| 245 |
1 |
0 |
|a Arte, polt̕ica & direito
|h [Recurso electrn̤ico] /
|c Karine Salgado, Gabriel Afonso Campos, Igor Moraes Santos, Raul Salvador Blasi Veyl, Renan Victor Boy Bacelar, Vinicius Batelli de Souza Balestra
|
| 256 |
|
|
|a Servicio en ln̕ea
|
| 260 |
|
|
|a Belo Horizonte:
|b Initia Via Editora,
|c 2020
|
| 300 |
|
|
|a 1 recurso electrn̤ico
|
| 506 |
1 |
|
|a Disponible solo en los productos indicados
|d vLex Global
|d vLex Global (Academic Edition, excluding Law Schools)
|d vLex Global (U.S. Academic Edition, Law Schools)
|d vLex Global (U.S. Academic Edition, excluding Law Schools)
|d vLex Global (Academic Edition, Law Schools)
|
| 650 |
0 |
4 |
|a Ciencias sociales
|z Brasil
|
| 700 |
1 |
|
|a Campos, Gabriel Afonso
|
| 700 |
1 |
|
|a Moraes Santos, Igor
|
| 700 |
1 |
|
|a Blasi Veyl, Raul Salvador
|
| 700 |
1 |
|
|a Boy Bacelar, Renan Victor
|
| 700 |
1 |
|
|a de Souza Balestra, Vinicius Batelli
|
| 740 |
0 |
|
|a vLex Libros (Servicio en ln̕ea)
|
| 856 |
4 |
0 |
|u https://vlex.com/source/arte-politica-direito-33002
|z Acceso restringido
|
| 942 |
|
|
|c BOOK
|
| 999 |
0 |
|
|a Social Sciences
|